Detalles MARC
| 000 -LÍDER |
| Campo fijo de descripción fija |
01761aam a2200421 4500 |
| 001 - NÚMERO DE CONTROL |
| Campo de control |
19404 |
| 003 - IDENTIFICADOR DEL NÚMERO DE CONTROL |
| Campo de control |
CO-MdFUSB |
| 005 - FECHA Y HORA DE LA ULTIMA TRANSACCIÓN |
| control field |
20190202100545.0 |
| 008 - ELEMENTOS DE LONGITUD FIJA -- INFORMACIÓN GENERAL |
| Campo fijo de descripción fija -- Información general |
170424t1997 enk||||f |||| 00| 0 eng d |
| 020 ## - NÚMERO INTERNACIONAL NORMALIZADO PARA LIBROS |
| Número Internacional Normalizado del libro |
0-232-52200-6 |
| 040 ## - FUENTE DE CATALOGACIÓN |
| Agencia de catalogación original |
CO-MdFUSB |
| Idioma de catalogación |
spa |
| Agencia que realiza la transcripción |
CO-MdFUSB |
| Agencia que realiza la modificación |
CO-MdFUSBC |
| Convenciones de la descripción |
rda |
| 041 ## - CÓDIGO DE IDIOMA |
| Código de idioma para texto/pista de sonido o título separado |
eng |
| 082 ## - NÚMERO DE CLASIFICACIÓN DECIMAL DEWEY |
| Número de la edición del Dewey |
24 |
| Número de clasificación |
G 231.74 |
| Clave de autor-Numero de item |
D618d |
| 100 1# - ASIENTO PRINCIPAL--NOMBRE PERSONAL |
| Nombre personal |
Avis, Paul., (Editor) |
| 245 00 - TÍTULO |
| Título del Material |
Divine revelation |
| Mención de responsabilidad, etc. |
/ Editado por Paul Avis |
| Parte restante del título - Subtitulo |
: |
| 264 #1 - PRODUCCIÓN, PUBLICACIÓN, DISTRIBUCIÓN, MANUFACTURA, Y COPYRIGHT |
| Lugar de producción, publicación, distribución, manufactura |
London : |
| Nombre del productor, publicador, distribuidor |
Darton, Longman & Todd, |
| Fecha de producción, publicación, distribución, manufactura, o copyright |
℗1997 |
| 264 #4 - PRODUCCIÓN, PUBLICACIÓN, DISTRIBUCIÓN, MANUFACTURA, Y COPYRIGHT |
| Fecha de producción, publicación, distribución, manufactura, o copyright |
©1997 |
| 300 ## - DESCRIPCIÓN FÍSICA |
| Extensión |
215 páginas |
| Otros detalles físicos |
: |
| Dimensiones |
; |
| 336 ## - TIPO DE CONTENIDO |
| Fuente |
rdacontent |
| Término de tipo de contenido |
|
| Código de tipo de contenido |
|
| 337 ## - TIPO DE MEDIO |
| Fuente |
rdamedia |
| Nombre del tipo de medio |
|
| Código del tipo de medio |
|
| 338 ## - TIPO DE SOPORTE |
| Fuente |
rdacarrier |
| Nombre del tipo de soporte |
|
| Código Tipo de soporte |
|
| 505 00 - NOTA DE CONTENIDO |
| Nota de contenido con formato preestablecido |
Conceptos bíblicos de la revelación divina, James D.G. Dunn - Revelación en la teología de la Iglesia Católica Romana, Gabriel Daly - La revelación divina en la teología protestante moderna, Paul Avis - Revelación y la filosofía, Terence Penelhum - Revelación y teoría crítica, Charles Davis - Revelación y la acción divina, Maurice Wiles - Revelación y religiones del mundo, Gavin D´Costa - Los evangelios como revelación, Leslie Houlden - Revelación en feminista filosofía y teología, Esther Reed - Jesús la revelación de Dios, Richard Bauckham - Revelación reafirmada, William J. Abraham |
| 563 ## - NOTA DE ENCUADERNACIÓN |
| Nota de encuadernación |
Rústico |
| 650 #7 - ASIENTO SECUNDARIO DE MATERIA - TERMINO TEMÁTICO |
| Término temático o nombre geográfico como elemento de entrada |
Dios |
| Subdivisión general |
Enseñanza bíblica |
| Fuente del encabezamiento o término |
|
| 9 (RLIN) |
323 |
| 700 1# - ASIENTO SECUNDARIO - NOMBRE PERSONAL |
| 9 (RLIN) |
458 |
| Nombre personal |
Dunn, James D. G. |
| Fechas asociadas con el nombre |
1939- |
| 720 ## - ASIENTO SECUNDARIO - NOMBRE NO CONTROLADO |
| Nombre |
Daly, Gabriel |
| 720 ## - ASIENTO SECUNDARIO - NOMBRE NO CONTROLADO |
| Nombre |
Avis, Paul |
| 720 ## - ASIENTO SECUNDARIO - NOMBRE NO CONTROLADO |
| Nombre |
Penelhum, Terence |
| 720 ## - ASIENTO SECUNDARIO - NOMBRE NO CONTROLADO |
| Nombre |
Davis, Charles |
| 720 ## - ASIENTO SECUNDARIO - NOMBRE NO CONTROLADO |
| Nombre |
Wiles, Maurice |
| 720 ## - ASIENTO SECUNDARIO - NOMBRE NO CONTROLADO |
| Nombre |
D´Costa, Gavin |
| 720 ## - ASIENTO SECUNDARIO - NOMBRE NO CONTROLADO |
| Nombre |
Houlden, Leslie |
| 720 ## - ASIENTO SECUNDARIO - NOMBRE NO CONTROLADO |
| Nombre |
Reed, Esther |
| 720 ## - ASIENTO SECUNDARIO - NOMBRE NO CONTROLADO |
| Nombre |
Bauckham, Richard |
| 720 ## - ASIENTO SECUNDARIO - NOMBRE NO CONTROLADO |
| Nombre |
Abraham, William J. |
| 942 ## - TIPO DE MATERIAL (KOHA) |
| Tipo de Item KOHA |
Libros General |